000 01021cam a2200325 a 4500
001 7083
003 BD-RjUL
005 20211208234349.0
008 140113s1977 nyu b 001 0 eng
020 _a0387902759
035 _a(BD-RjUL)7125
040 _aLC
_beng
_cLC
_dNNCU:A
_dBD-RjUL
041 _aeng
082 0 4 _a519.2
_bLAS 1977
100 1 _aLamperti, J.
_q(John)
_922188
245 1 0 _aStochastic processes :
_ba survey of the mathematical theory /
_cby J. Lamperti.
260 _aNew York :
_bSpringer-Verlag,
_cc1977.
300 _axiv, 266 p. ;
_c24 cm.
490 1 _aApplied mathematical sciences ;
_vv. 23
504 _aIncludes index.
504 _aBibliography: p. [260]
650 0 _aStochastic processes.
_922189
650 0 _aStationary processes.
_921662
650 0 _aMarkov processes.
_920601
830 0 _vv. 23.
_922194
830 0 _aApplied mathematical sciences (Springer-Verlag New York Inc.) ;
_922191
942 _2ddc
_cBK
999 _c7083
_d7083